000 00828nam a2200265Ia 4500
003 OSt
005 20220918170749.0
006 a|||||r|||| 00| 0
007 ta
008 220917b |||||||| |||| 00| 0 eng d
020 _a9780470551714 (pbk)
_c2700.14
024 _a249,103
037 _b10-08155, 03/01/2011, Atlantic Publisher & Dist.Pvt.Ltd.
_cTextual
040 _aARTS
_cARTS
_beng
041 _2eng
_aeng
082 _aL72:45:3, Q0
100 _aDziegielewski Sophia F.
_931015
245 0 _aDSM-IV-TR in action
250 _a2nd
260 _aNew Jersey
_b Wiley & Sons India
_c2010
300 _axix,553p.
_ccm.
650 _aMEDICINE
_94387
942 _hL72:45:3, Q0
_cTEXL
_2CC
999 _c135619
_d135619